| Tag |
First Indicator |
Second Indicator |
Subfields |
| LEADER |
00000nmm a22000001a 4500 |
| 001 |
in00004611513 |
| 006 |
m|||||o||m|||||||| |
| 007 |
cr|cn |||uuuuu |
| 008 |
221118s2016 xxu||||eo|||| ||||||eng d |
| 005 |
20221207213618.3 |
| 035 |
|
|
|a (TxWaIVM)IV72577DyJo
|
| 040 |
|
|
|a TxWaIVM
|c TxWaIVM
|
| 245 |
0 |
0 |
|a Joze Gonzalez Vampirella Art Edition /
|c powered by Library Pass.
|
| 260 |
3 |
|
|a [United States] :
|b Dynamite,
|c 2016.
|
| 300 |
|
|
|a 1 online resource.
|
| 336 |
|
|
|a text
|b txt
|2 rdacontent
|
| 337 |
|
|
|a computer
|b c
|2 rdamedia
|
| 338 |
|
|
|a online resource
|b cr
|2 rdacarrier
|
| 520 |
|
|
|a Celebrate the extraordinary work of Jose Gonzalez, an unparalleled master of horror illustration, with this gorgeous collection, presenting for the first time actual storyboard artwork spanning his years as the preeminent Vampirella artist! Eleven captivating and creepy tales appear in their entirety, stories ranging over ten years from Vampirella Magazine #15 (January 1972) to issue #112 (March 1983).
|
| 521 |
|
|
|a 3
|
| 538 |
|
|
|a Requires a valid library card and registration for new users.
|
| 538 |
|
|
|a Mode of access: World Wide Web.
|
| 538 |
|
|
|a System requirements: Flash 10.1 or higher, Windows XP and higher, Internet Explorer 7 and higher, Firefox 3.6 and higher, Google Chrome; Max OS 10.5 and higher, Safari 4 and higher.
|
| 650 |
|
0 |
|a Art Books
|
| 655 |
|
7 |
|a Electronic books.
|2 local
|
| 655 |
|
7 |
|a Art Books
|2 gsafd
|
| 650 |
|
0 |
|a Horror comic books, strips, etc.
|
| 655 |
|
7 |
|a Horror comic books, strips, etc.
|2 gsafd
|
| 650 |
|
0 |
|a Comic books, strips, etc. --Women
|
| 655 |
|
7 |
|a Comic books, strips, etc. --Women
|2 gsafd
|
| 650 |
|
0 |
|a Erotic comic books, strips, etc.
|
| 655 |
|
7 |
|a Erotic comic books, strips, etc.
|2 gsafd
|
| 650 |
|
0 |
|a Science fiction comic books, strips, etc.
|
| 655 |
|
7 |
|a Science fiction comic books, strips, etc.
|2 gsafd
|
| 650 |
|
0 |
|a Fantasy comic books, strips, etc.
|
| 655 |
|
7 |
|a Fantasy comic books, strips, etc.
|2 gsafd
|
| 700 |
1 |
|
|a Goodwin , Archie.
|e writer.
|
| 700 |
1 |
|
|a DuBay , Bill.
|e writer.
|
| 700 |
1 |
|
|a Toutain , Josep.
|e writer.
|
| 700 |
1 |
|
|a Butterworth , Mike.
|e writer.
|
| 700 |
1 |
|
|a Margopoulos, Rich.
|e writer.
|
| 700 |
1 |
|
|a Englehart , Steve.
|e writer.
|
| 700 |
1 |
|
|a Gonzalez, Jose.
|e artist.
|
| 710 |
2 |
|
|a Library Pass, LLC.
|
| 856 |
4 |
0 |
|u http://proxy.library.tamu.edu/login?url=https://tamu.librarypass.com/product/com.iversecomics.dynamite.joze.gonzalez.vampirella.art.edition.english.07212016
|z Connect to this electronic book (First time users create your free account)
|t 0
|
| 955 |
|
|
|a Comics Plus.
|
| 999 |
f |
f |
|s 54be724c-eabb-4310-a961-874bc4d2e5fa
|i 78b9cc43-82fc-4cc0-a6d6-b6b2e4d45064
|t 0
|
| 952 |
f |
f |
|a Texas A&M University
|b College Station
|c Electronic Resources
|d Available Online
|t 0
|h Library of Congress classification
|
| 998 |
f |
f |
|t 0
|l Available Online
|